| 000 | 00395nam a22001457a 4500 | ||
|---|---|---|---|
| 008 | 250709b |||||||| |||| 00| 0 eng d | ||
| 020 | _a9789391670856 | ||
| 050 |
_aSH329 _b.S56 |
||
| 100 | _aSiugh Sliivesh Partap | ||
| 245 | _aFishery Conservation Development and Management | ||
| 260 |
_aDelhi _bAmiga Press Inc _c2022 |
||
| 300 |
_avii, 331p. _bill. |
||
| 650 | _aSpecial topics | ||
| 942 | _cBK | ||
| 999 |
_c4195 _d4195 |
||